000 01172cam a22003617a 4500
003 CHAP
005 20220817040959.0
008 971013s1990 r 00010 d
010 _a3915
011 _a4887
035 _a4091
040 _cCHAP
082 _a338.18
_bF45Y
110 _aFAO
245 1 3 _aLa descentralización de los sistemas de planificación agropecuaria en América Latina
260 _aRoma :
_bFAO,
_c1990
300 _a68 p
410 _aFAO
490 0 _aDesarrollo económico y social
_v;92
590 _aBATCH-UPD
_b10
_c20130110
_lUCH01
_h1854
590 _aBATCH-UPD
_b10
_c20130410
_lUCH01
_h1223
590 _aBATCH-UPD
_b10
_c20130914
_lUCH01
_h1303
590 _aCONVERSION
_b10
_c20130109
_lUCH01
_h1303
650 1 4 _aAgricultura
_xAspectos economicos
_xAmerica Latina.
_91202
650 1 4 _aEmpresas agropecuarias.
_936649
650 1 4 _aPolítica agrícola
_zAmérica Latina.
_990380
810 0 _aFAO
830 0 0 _aDesarrollo económico y social
_v;92
_932058
901 _aBK
942 _cLIBRO
949 _a338.18 F45y
_bBC
_cFAO
_d-13622
_eFAO1
_h80378
_i4091
_mD
_si
949 _a338.18 F45y
_bBC
_cFAO
_d-77997
_eFAO2
_fc.2
_h80379
_i4091
_si
999 _c3915
_d3915